书目信息 |
| 题名: |
维情婚变处方
|
|
| 作者: | 舒心 著 | |
| 分册: | ||
| 出版信息: | 北京 中国妇女出版社 2007.06 |
|
| 页数: | 234页 | |
| 开本: | 24cm | |
| 丛书名: | 陈一筠婚恋辅导 | |
| 单 册: | ||
| 中图分类: | C913.1 | |
| 科图分类: | ||
| 主题词: | 爱情--研究 , 社会问题 | |
| 电子资源: | ||
| ISBN: | 978-7-80203-397-9 | |
| 000 | 00688nam 2200241 450 | |
| 001 | 1135568281 | |
| 005 | 20111227095459.23 | |
| 010 | @a978-7-80203-397-9@dCNY24.80 | |
| 100 | @a20111227d2007 km y0chiy0120 ea | |
| 101 | 0 | @achi |
| 102 | @aCN@b110000 | |
| 105 | @ay z 000yy | |
| 200 | 1 | @a维情婚变处方@Awei qing hun bian chu fang@f舒心著@Fshu xin zhu |
| 210 | @a北京@c中国妇女出版社@d2007.06 | |
| 215 | @a234页@d24cm | |
| 225 | 2 | @a陈一筠婚恋辅导@h2 |
| 410 | 0 | @12001 @a陈一筠婚恋辅导 |
| 606 | 0 | @a爱情@x研究 |
| 606 | 0 | @a社会问题 |
| 690 | @aC913.1@v4 | |
| 701 | 0 | @a舒心@Ashu xin@4著 |
| 801 | 0 | @aCN@b大连网信软件有限公司图书馆·11@c20111227 |
| 905 | @aZUCC@dC913.1@eS645@f3 | |
| 维情婚变处方/舒心著.-北京:中国妇女出版社,2007.06 |
| 234页;24cm.-(陈一筠婚恋辅导.2) |
| ISBN 978-7-80203-397-9:CNY24.80 |
| ● |
| 相关链接 |
|
|
|
正题名:维情婚变处方
索取号:C913.1/S645
 
预约/预借
| 序号 | 登录号 | 条形码 | 馆藏地/架位号 | 状态 | 备注 |
| 1 | 1180798 | 211807981 | 社科库509/509社科库 60排6列6层/ [索取号:C913.1/S645] | 在馆 | |
| 2 | 1180799 | 211807990 | 社科库509/509社科库 60排6列6层/ [索取号:C913.1/S645] | 在馆 | |
| 3 | 1180800 | 211808007 | 社科库509/509社科库 60排6列6层/ [索取号:C913.1/S645] | 在馆 |